000 01194nam0a22002531 4500
001 rc\4901691
005 20260412063911.0
021 _aRU
_b[63-10188]
035 _a(NLR Aleph) 008929133
090 _a8873446
_c8873446
100 _a20130426d1963 |||y0rusy50 ca
101 0 _arus
102 _aRU
105 _ay z |||||
200 1 _aУнифицированные комплексные нормы выработки и расценки на горноподготовительные работы для действующих шахт Донецкого бассейна
_fГос. ком. Совета Министров СССР по топливной пром-сти. Донецкий науч.-исслед. угольный ин-т "Дон УГИ"
210 _aМосква
_cГосгортехиздат
_d1963
215 _a56 с.
_d20
606 _aУгледобыча
_jНормы и расценки
_2psbo
712 0 2 _aДонецкий научно-исследовательский угольный институт
_9429551
_3RU\NLR\AUTH\889966589
801 0 _aRU
_bNLR
_gpsbo
801 1 _aRU
_bELAR
_2rusmarc
852 _aNLR
_jПт 26.2/286
942 _cBOOK
980 _aNB